Germany national soccer team ( current squad ) - Statistics

General Stats
  • This quiz has been taken 155 times
  • The average score is 10 of 26
Answer Stats
Position Club Answer % Correct
Goalkeeper Bayern Munich Manuel Neuer
99%
Goalkeeper Barcelona Marc-Andre ter Stegen
94%
Midfielder Real Madrid Toni Kroos
67%
Midfielder Bayern Munich Joshua Kimmich
64%
Midfielder Manchester City Ilkay Gundogan
60%
Forward RB Leipzig Timo Werner
60%
Midfielder Borussia Dortmund Marco Reus
57%
Forward Bayern Munich Serge Gnabry
54%
Midfielder Bayern Munich Leon Goretzka
51%
Goalkeeper Arsenal Bernd Leno
47%
Midfielder Bayer Leverkusen Kai Havertz
47%
Defender Bayer Leverkusen Jonathan Tah
32%
Defender Borussia Monchengladbach Matthias Ginter
32%
Defender 1. FC Koln Jonas Hector
30%
Defender Bayern Munich Niklas Sule
30%
Midfielder Borussia Dortmund Julian Brandt
27%
Defender RB Leipzig Lukas Klostermann
24%
Defender RB Leipzig Marcel Halstenberg
22%
Defender Borussia Dortmund Emre Can
21%
Defender Borussia Dortmund Nico Schulz
19%
Midfielder 1899 Hoffenheim Sebastian Rudy
15%
Defender Hertha BSC Niklas Stark
11%
Forward SC Freiburg Luca Waldschmidt
7%
Midfielder Bayer Leverkusen Nadiem Amiri
7%
Defender SC Freiburg Robin Koch
7%
Midfielder Schalke 04 Suat Serdar
7%
No matching quizzes found
Score Distribution
Percent of People with Each Score
Percentile by Number Answered
Your Score History
You have not taken this quiz